[Event "Usti nad Labem Chlumecky Blitz op"]
[Site "Usti nad Labem"]
[Date "2024.05.05"]
[Round "4"]
[White "Horacek, Vojtech"]
[Black "Vranova, Zdenka"]
[Result "0-1"]
[WhiteElo "1755"]
[BlackElo "1947"]
[PlyCount "90"]
[EventDate "2024.05.05"]
[EventType "swiss (blitz)"]
[EventRounds "15"]
[EventCountry "CZE"]
[SourceTitle "CBM 220 Extra"]
[Source "ChessBase"]
[SourceDate "2024.07.31"]
[SourceVersion "1"]
[SourceVersionDate "2024.07.31"]
[SourceQuality "1"]

1. e4 e5 2. Nf3 Nf6 3. Nxe5 d6 4. Nf3 Nxe4 5. d4 d5 6. Bd3 Be7 7. 0-0 0-0 8. c4 c6 9. Nc3 Nf6 10. Bg5 Nbd7 11. Re1 Nb6 12. cxd5 Nfxd5 13. Bxe7 Nxe7 14. a4 Bg4 15. Re4 Bh5 16. Qe2 Nbd5 17. Rd1 Re8 18. Rh4 Bg6 19. Bxg6 Nxg6 20. Re4 f5 21. Rxe8+ Qxe8 22. Qc4 Rd8 23. Qb3 Qd7 24. h3 h6 25. Qc2 Ngf4 26. Ne5 Qe6 27. Re1 Qf6 28. Nxd5 Rxd5 29. Qb3 Qg5 30. Qf3 Rxd4 31. Kh2 Nd5 32. g3 Qf6 33. Nd3 Kh7 34. Re2 Rxa4 35. Ne5 Re4 36. Rxe4 fxe4 37. Qxe4+ g6 38. Ng4 Qf5 39. Qe8 Kg7 40. Qb8 Qf7 41. Qe5+ Kh7 42. Kg2 h5 43. Ne3 Nxe3+ 44. Qxe3 Kg7 45. Qc5 Qd5+ 0-1

[Event "Usti nad Labem Chlumecky Blitz op"]
[Site "Usti nad Labem"]
[Date "2024.05.05"]
[Round "6"]
[White "Horacek, Vojtech"]
[Black "Zeman, Daniel Nikolas"]
[Result "1-0"]
[WhiteElo "1755"]
[BlackElo "1684"]
[PlyCount "45"]
[EventDate "2024.05.05"]
[EventType "swiss (blitz)"]
[EventRounds "15"]
[EventCountry "CZE"]
[SourceTitle "CBM 220 Extra"]
[Source "ChessBase"]
[SourceDate "2024.07.31"]
[SourceVersion "1"]
[SourceVersionDate "2024.07.31"]
[SourceQuality "1"]

1. e4 e5 2. Nf3 Nf6 3. Nxe5 d6 4. Nf3 Nxe4 5. d4 d5 6. Bd3 Nc6 7. 0-0 Bf5 8. Re1 Be7 9. c4 Nb4 10. Bf1 Nf6 11. Qa4+ Qd7 12. Qxb4 Ne4 13. Qxb7 0-0 14. Qxd5 Qc8 15. Nc3 Rd8 16. Qe5 Bd6 17. Qa5 Nf6 18. Bg5 Rb8 19. Bxf6 gxf6 20. c5 Bf4 21. Qa6 Qd7 22. Qxf6 Rxb2 23. Re7 1-0

[Event "Usti nad Labem Chlumecky Blitz op"]
[Site "Usti nad Labem"]
[Date "2024.05.05"]
[Round "3"]
[White "Veverka, Vladimir"]
[Black "Horacek, Vojtech"]
[Result "1-0"]
[WhiteElo "1890"]
[BlackElo "1755"]
[PlyCount "43"]
[EventDate "2024.05.05"]
[EventType "swiss (blitz)"]
[EventRounds "15"]
[EventCountry "CZE"]
[SourceTitle "CBM 220 Extra"]
[Source "ChessBase"]
[SourceDate "2024.07.31"]
[SourceVersion "1"]
[SourceVersionDate "2024.07.31"]
[SourceQuality "1"]

1. d4 Nf6 2. c4 e6 3. Nc3 Bb4 4. Qc2 0-0 5. e4 Bxc3+ 6. bxc3 d6 7. Bd3 e5 8. f4 h6 9. Nf3 Bg4 10. fxe5 dxe5 11. Nxe5 Re8 12. 0-0 Nbd7 13. Nxg4 Nxg4 14. c5 Qh4 15. h3 Ngf6 16. Qb3 Qh5 17. e5 Nh7 18. Bc4 Rf8 19. Bd2 Rab8 20. Rf2 Ng5 21. Bxg5 hxg5 22. Raf1 1-0